Guide to Takeovers and Mergers : : (Record no. 181413)

MARC details
000 -LEADER
fixed length control field 00676nam a22001937a 4500
005 - DATE AND TIME OF LATEST TRANSACTION
control field 20210913130321.0
010 ## - LCCN (DPL NO)
LC control number ENG-129914
020 ## - INTERNATIONAL STANDARD BOOK NUMBER
International Standard Book Number 978-8131-25-265-9
Terms of availability 2950.00
035 ## - SYSTEM CONTROL NUMBER
System control number EN-113446
037 ## - SOURCE OF ACQUISITION
Source of stock number/acquisition DBAD/PUB
082 ## - DEWEY DECIMAL CLASSIFICATION NUMBER
Classification number 346.730662
100 ## - MAIN ENTRY--PERSONAL NAME
Dates associated with a name N R Sridharan
245 ## - TITLE STATEMENT
Title Guide to Takeovers and Mergers : :
Statement of responsibility, etc by N R Sridharan,P H Arvindh Pandian
250 ## - EDITION STATEMENT
Edition statement 6th ed.
260 ## - PUBLICATION, DISTRIBUTION, ETC. (IMPRINT)
Name of publisher, distributor, etc Lexis Nexis
Place of publication, distribution, etc India
Date of publication, distribution, etc 2017
270 ## - ADDRESS
City Gurgaon
Postal code 122002
Address 14th Floor , Building No 10, Tower-B, DLF Cyber City, phase -ll
Telephone number +91 124 4774444
Fax number +91 124 4774100
Electronic mail address help.in@lexisnexis.com
300 ## - PHYSICAL DESCRIPTION
Extent lxxx,2110p.
Dimensions 25cm(hbk)
942 ## - ADDED ENTRY ELEMENTS (KOHA)
Source of classification or shelving scheme Dewey Decimal Classification
Item type English Books
Classification part 346.730662
Call number suffix SRI
Holdings
Withdrawn status Lost status Not for loan Collection code Home library Current library Date acquired Source of acquisition Cost, normal purchase price Full call number Barcode Copy number Cost, replacement price Koha item type
      Reference Central Library Central Library 13/09/2021 DBADD/PUB 2950.00 346.730662 SRI EN-113446 1 2950.00 English Books

© Delhi Public Library
Hit Counter
free hit counter